Colorado Cities A-Z - Statistics

General Stats
  • This quiz has been taken 85 times
    55 since last reset
  • The average score is 9 of 18
Answer Stats
Population Municipality or CDP % Correct
D 715,522 Denver
100%
C 478,961 Colorado Springs
96%
A 386,261 Aurora
94%
B 108,250 Boulder
91%
F 169,810 Fort Collins
87%
P 111,876 Pueblo
81%
G 108,795 Greeley
72%
L 155,984 Lakewood
62%
T 141,867 Thornton
57%
W 116,317 Westminster
53%
H 103,444 Highlands Ranch
26%
E 33,659 Englewood
23%
M 20,291 Montrose
15%
R 10,437 Rifle
15%
J 17,303 Johnstown
13%
N 38,131 Northglenn
9%
K 33,811 Ken Caryl
4%
S 38,639 Security-Widefield
2%
No matching quizzes found
Score Distribution
Percent of People with Each Score
Percentile by Number Answered
Your Score History
You have not taken this quiz since the last reset